Uusia riepumattoja /

Saved in:
Bibliographic Details
Main Author: Olki, Mary.
Format: Book
Language:Finnish
Published: Porvoo : Söderström [1950]
Subjects:
Tags: Add Tag
No Tags, Be the first to tag this record!
LEADER 00553nam a2200205Ia 4500
001 005242599-1
005 20020606095253.2
008 860722s1950 fi a 000 0 fin d
035 0 |a ocm13915492 
040 |a ASR  |c ASR  |d HFL 
043 |a e-fi--- 
050 4 |a TT848  |b .O45 
100 1 |a Olki, Mary. 
245 1 0 |a Uusia riepumattoja /  |c Mary Olki. 
260 |a Porvoo :  |b Söderström  |c [1950] 
300 |a 15 p., [48] p. of plates :  |b ill. (some col.) ;  |c 22 cm. 
650 0 |a Rugs  |z Finland. 
650 0 |a Hand weaving  |z Finland. 
988 |a 20020608 
906 |0 OCLC